000 00373nam a22001217a 4500
999 _c7713
_d7713
005 20190312123412.0
008 190312b ||||| |||| 00| 0 eng d
022 _a9789993628569
245 _a2017 Population and Housing Census of Bhutan ;
_bLhuentse Dzongkhag.
260 _aThimphu ;
_bNational Statistics Bureau,
_c2018.
300 _a59 p.
_c24 cm.
942 _2ddc
_cPERIODICAL